[Event "SVK-chT2C 2122"]
[Site "Slovakia"]
[Date "2022.02.06"]
[Round "4.7"]
[White "Ilkovic, Frantisek"]
[Black "Tomcikova, Zuzana"]
[Result "0-1"]
[WhiteElo "1810"]
[BlackElo "1831"]
[PlyCount "100"]
[EventDate "2021.10.16"]
[EventType "team-tourn"]
[EventRounds "11"]
[EventCountry "SVK"]
[SourceTitle "EXT 2023"]
[Source "ChessBase"]
[SourceDate "2022.10.05"]
[SourceVersion "1"]
[SourceVersionDate "2022.10.05"]
[SourceQuality "1"]
[WhiteTeam "Filakovo"]
[BlackTeam "Rajecke Teplice"]
[WhiteTeamCountry "SVK"]
[BlackTeamCountry "SVK"]

1. e4 d6 2. Nf3 Nf6 3. Nc3 g6 4. Be2 Bg7 5. 0-0 0-0 6. d3 c5 7. a4 a6 8. Re1 Nc6 9. h3 Nd7 10. Nd5 h6 11. c3 e6 12. Ne3 Nf6 13. Nh2 d5 14. exd5 exd5 15. Neg4 Nxg4 16. Bxg4 h5 17. Bxc8 Rxc8 18. Nf3 Re8 19. Bg5 Rxe1+ 20. Qxe1 Qd7 21. Qd2 Re8 22. Bh6 d4 23. Bxg7 Kxg7 24. Kf1 Ne5 25. Nxe5 Rxe5 26. c4 Qe8 27. b3 Qe7 28. Re1 Rxe1+ 29. Qxe1 Qxe1+ 30. Kxe1 Kf6 31. Ke2 Ke5 32. Kf3 a5 33. h4 Kf5 34. Kg3 f6 35. f4 g5 36. hxg5 fxg5 37. fxg5 Kxg5 38. Kf3 Kf5 39. Kg3 Kg5 40. Kf3 Kf5 41. Kg3 Kg5 42. Kf3 h4 43. Ke2 Kg4 44. Kf2 Kf4 45. Ke2 Kg3 46. Kf1 h3 47. gxh3 Kxh3 48. Kf2 Kg4 49. Kg2 Kf4 50. Kf2 b6 0-1

[Event "SVK-chT2C 2122"]
[Site "Slovakia"]
[Date "2022.02.05"]
[Round "3.5"]
[White "Tomcikova, Zuzana"]
[Black "Faber, Peter"]
[Result "1-0"]
[WhiteElo "1831"]
[BlackElo "1889"]
[PlyCount "57"]
[EventDate "2021.10.16"]
[EventType "team-tourn"]
[EventRounds "11"]
[EventCountry "SVK"]
[SourceTitle "EXT 2023"]
[Source "ChessBase"]
[SourceDate "2022.10.05"]
[SourceVersion "1"]
[SourceVersionDate "2022.10.05"]
[SourceQuality "1"]
[WhiteTeam "Rajecke Teplice"]
[BlackTeam "Detva"]
[WhiteTeamCountry "SVK"]
[BlackTeamCountry "SVK"]

1. Nf3 Nf6 2. g3 c5 3. Bg2 g6 4. d3 Bg7 5. 0-0 0-0 6. Nbd2 Nc6 7. e4 d6 8. c3 Bg4 9. Qc2 Rc8 10. a4 Nd7 11. h3 Bxf3 12. Nxf3 h6 13. Nh4 e6 14. f4 Kh7 15. Qe2 f5 16. Be3 Qe7 17. Rae1 Bf6 18. Nf3 fxe4 19. dxe4 e5 20. f5 gxf5 21. exf5 e4 22. Nd2 d5 23. Qh5 Qg7 24. g4 Nce5 25. Re2 Nd3 26. Nxe4 dxe4 27. Bxe4 c4 28. g5 Rce8 29. g6+ 1-0

[Event "Piestany Slovakia op"]
[Site "Piestany"]
[Date "2021.07.18"]
[Round "9"]
[White "Brnusak, Tomas"]
[Black "Tomcikova, Zuzana"]
[Result "1/2-1/2"]
[WhiteElo "2095"]
[BlackElo "1800"]
[PlyCount "67"]
[EventDate "2021.07.10"]
[EventType "swiss"]
[EventRounds "9"]
[EventCountry "SVK"]
[SourceTitle "CBM 203 Extra"]
[Source "ChessBase"]
[SourceDate "2021.09.30"]
[SourceVersion "1"]
[SourceVersionDate "2021.09.30"]
[SourceQuality "1"]

1. e4 d6 2. Bc4 Nf6 3. Qe2 g6 4. d4 Bg7 5. Nf3 0-0 6. 0-0 c5 7. e5 Ne8 8. dxc5 d5 9. Rd1 e6 10. b4 Qc7 11. Bb3 a5 12. bxa5 Rxa5 13. a4 Nd7 14. Bb2 Nxc5 15. Bc3 Ra8 16. Qe3 Na6 17. Na3 Bd7 18. h4 h5 19. Nb5 Qc6 20. Bb2 b6 21. c4 dxc4 22. Rac1 Qb7 23. Rxc4 Bxb5 24. axb5 Nc5 25. g4 Nc7 26. Bc2 Nd5 27. Qe2 Ra2 28. Bb1 Ra4 29. gxh5 Rxc4 30. Qxc4 Ne3 31. fxe3 Qxf3 32. Re1 Qg3+ 33. Kf1 Qf3+ 34. Kg1 1/2-1/2

[Event "Piestany Slovakia op"]
[Site "Piestany"]
[Date "2021.07.13"]
[Round "4"]
[White "Novomeska, Karin"]
[Black "Tomcikova, Zuzana"]
[Result "0-1"]
[WhiteElo "1455"]
[BlackElo "1800"]
[PlyCount "102"]
[EventDate "2021.07.10"]
[EventType "swiss"]
[EventRounds "9"]
[EventCountry "SVK"]
[SourceTitle "CBM 203 Extra"]
[Source "ChessBase"]
[SourceDate "2021.09.30"]
[SourceVersion "1"]
[SourceVersionDate "2021.09.30"]
[SourceQuality "1"]

1. c4 Nf6 2. g3 g6 3. Bg2 Bg7 4. Nf3 0-0 5. 0-0 d6 6. d4 Nbd7 7. Nc3 e5 8. e3 Qe7 9. Qc2 c6 10. dxe5 dxe5 11. b3 a5 12. a4 Rd8 13. Ba3 Qe8 14. Rad1 Bf8 15. Bxf8 Qxf8 16. Rd2 Re8 17. Rfd1 Nc5 18. Ng5 Qe7 19. e4 h6 20. Nf3 Bg4 21. h3 Bxf3 22. Bxf3 Rad8 23. Be2 Rxd2 24. Rxd2 Rd8 25. Rxd8+ Qxd8 26. f3 Qd4+ 27. Kf1 Qe3 28. g4 h5 29. Kg2 h4 30. Kf1 Nh7 31. Nd1 Qd4 32. Nf2 Ng5 33. Qd1 Nge6 34. Nd3 Nxd3 35. Qxd3 Qxd3 36. Bxd3 Nf4 37. Bc2 Nxh3 38. Kg2 Nf4+ 39. Kh2 Kf8 40. Kg1 Ke7 41. Kf2 Kd6 42. Bb1 Kc5 43. Bc2 Kd4 44. Bd1 Kc3 45. c5 Kd2 46. b4 axb4 47. Bb3 f6 48. a5 Nd3+ 49. Kf1 Nxc5 50. Ba2 b3 51. Bxb3 Nxb3 0-1

[Event "Drienica Saris op"]
[Site "Drienica"]
[Date "2020.08.11"]
[Round "5"]
[White "Tomcikova, Zuzana"]
[Black "Gulas, Gabriel"]
[Result "1-0"]
[WhiteElo "1776"]
[BlackElo "1472"]
[PlyCount "41"]
[EventDate "2020.08.07"]
[EventType "swiss"]
[EventRounds "9"]
[EventCountry "SVK"]
[SourceTitle "CBM 197 Extra"]
[Source "ChessBase"]
[SourceDate "2020.09.30"]
[SourceVersion "1"]
[SourceVersionDate "2020.09.30"]
[SourceQuality "1"]

1. e4 e6 2. d4 d5 3. Nd2 dxe4 4. Nxe4 Bd7 5. Nf3 Bc6 6. Bd3 Bxe4 7. Bxe4 c6 8. 0-0 Nf6 9. Bd3 Bd6 10. Qe2 Qc7 11. h3 Nbd7 12. Re1 h6 13. Ne5 0-0 14. c3 c5 15. Nxd7 Qxd7 16. dxc5 Bxc5 17. Bf4 Rad8 18. Rad1 Qa4 19. b4 Nd5 20. Bxh6 Nf6 21. Bc1 1-0

[Event "Drienica Saris op"]
[Site "Drienica"]
[Date "2020.08.10"]
[Round "4"]
[White "Sankova, Stella"]
[Black "Tomcikova, Zuzana"]
[Result "1-0"]
[WhiteElo "1990"]
[BlackElo "1776"]
[PlyCount "47"]
[EventDate "2020.08.07"]
[EventType "swiss"]
[EventRounds "9"]
[EventCountry "SVK"]
[SourceTitle "CBM 197 Extra"]
[Source "ChessBase"]
[SourceDate "2020.09.30"]
[SourceVersion "1"]
[SourceVersionDate "2020.09.30"]
[SourceQuality "1"]

1. e4 e6 2. d4 d5 3. Nc3 Nf6 4. e5 Nfd7 5. f4 c5 6. Nf3 Nc6 7. Be3 a6 8. Qd2 b5 9. a3 Qb6 10. Ne2 Bb7 11. Ng3 cxd4 12. Nxd4 Nxd4 13. Bxd4 Bc5 14. c3 Qc7 15. Bd3 0-0 16. 0-0 Rac8 17. Rae1 Rfe8 18. Kh1 Bf8 19. f5 exf5 20. Bxf5 g6 21. e6 fxe6 22. Bxe6+ Rxe6 23. Rxe6 Rd8 24. Qg5 1-0

[Event "Drienica Saris op"]
[Site "Drienica"]
[Date "2020.08.08"]
[Round "2"]
[White "Hros, Roman"]
[Black "Tomcikova, Zuzana"]
[Result "1-0"]
[WhiteElo "2203"]
[BlackElo "1776"]
[PlyCount "31"]
[EventDate "2020.08.07"]
[EventType "swiss"]
[EventRounds "9"]
[EventCountry "SVK"]
[SourceTitle "CBM 197 Extra"]
[Source "ChessBase"]
[SourceDate "2020.09.30"]
[SourceVersion "1"]
[SourceVersionDate "2020.09.30"]
[SourceQuality "1"]

1. e4 d6 2. f4 Nf6 3. d3 g6 4. Be2 Bg7 5. Nf3 Nc6 6. 0-0 0-0 7. Qe1 e5 8. fxe5 dxe5 9. c3 Qe7 10. b4 Nb8 11. Qh4 Nbd7 12. Be3 b6 13. Nbd2 Bb7 14. Ng5 Rad8 15. Nxh7 Rfe8 16. Bg5 1-0

[Event "SVK-chT1E 1920"]
[Site "Slovakia"]
[Date "2020.06.21"]
[Round "11.8"]
[White "Tomcikova, Zuzana"]
[Black "Kaminsky, Ladislav"]
[Result "1/2-1/2"]
[WhiteElo "1776"]
[BlackElo "1744"]
[PlyCount "27"]
[EventDate "2019.10.12"]
[EventType "team-tourn"]
[EventRounds "11"]
[EventCountry "SVK"]
[SourceTitle "EXT 2022"]
[Source "ChessBase"]
[SourceDate "2021.10.06"]
[SourceVersion "1"]
[SourceVersionDate "2021.10.06"]
[SourceQuality "1"]
[WhiteTeam "Kysucke Nove Mesto"]
[BlackTeam "Sabinov"]
[WhiteTeamCountry "SVK"]
[BlackTeamCountry "SVK"]

1. e4 Nc6 2. Nf3 d6 3. d4 Bg4 4. c3 Nf6 5. Bd3 e5 6. d5 Ne7 7. Nbd2 a6 8. 0-0 g6 9. h3 Bd7 10. Re1 Bg7 11. Nf1 0-0 12. Ng3 c6 13. dxc6 Bxc6 14. Qc2 1/2-1/2

[Event "SVK-chT1E 1920"]
[Site "Slovakia"]
[Date "2020.06.20"]
[Round "10.8"]
[White "Kapec, Kristian"]
[Black "Tomcikova, Zuzana"]
[Result "1/2-1/2"]
[WhiteElo "1803"]
[BlackElo "1776"]
[PlyCount "66"]
[EventDate "2019.10.12"]
[EventType "team-tourn"]
[EventRounds "11"]
[EventCountry "SVK"]
[SourceTitle "EXT 2022"]
[Source "ChessBase"]
[SourceDate "2021.10.06"]
[SourceVersion "1"]
[SourceVersionDate "2021.10.06"]
[SourceQuality "1"]
[WhiteTeam "Bardejov"]
[BlackTeam "Kysucke Nove Mesto"]
[WhiteTeamCountry "SVK"]
[BlackTeamCountry "SVK"]

1. e4 c6 2. Nc3 d5 3. Nf3 dxe4 4. Nxe4 Nf6 5. Nxf6+ gxf6 6. d4 Bf5 7. Bd3 Bg6 8. Bf4 e6 9. Qe2 Bd6 10. Bxd6 Qxd6 11. 0-0-0 Nd7 12. Rhe1 0-0-0 13. Bxg6 hxg6 14. h4 Nb6 15. g3 Rh5 16. a3 Ra5 17. Rd3 Qd5 18. Rb3 Nc4 19. Qe4 Qxe4 20. Rxe4 Rad5 21. Re1 Nd6 22. Rd3 Nf5 23. Red1 Nd6 24. Re1 Nf5 25. Red1 Nd6 26. Kd2 Ne4+ 27. Ke2 Re8 28. c3 Red8 29. c4 R5d7 30. b4 e5 31. dxe5 fxe5 32. Rxd7 Rxd7 33. Rxd7 Kxd7 1/2-1/2

[Event "SVK-chT1E 1920"]
[Site "Slovakia"]
[Date "2019.11.10"]
[Round "4.7"]
[White "Tomcikova, Zuzana"]
[Black "Ucekajova, Veronika"]
[Result "0-1"]
[WhiteElo "1785"]
[BlackElo "1851"]
[PlyCount "86"]
[EventDate "2019.10.12"]
[EventType "team-tourn"]
[EventRounds "11"]
[EventCountry "SVK"]
[SourceTitle "CBM 193 Extra"]
[Source "ChessBase"]
[SourceDate "2020.01.31"]
[SourceVersion "1"]
[SourceVersionDate "2020.01.31"]
[SourceQuality "1"]
[WhiteTeam "Kysucke Nove Mesto"]
[BlackTeam "Humenne Reinter II"]
[WhiteTeamCountry "SVK"]
[BlackTeamCountry "SVK"]

1. Nf3 e6 2. g3 f5 3. d3 Nf6 4. Bg2 d5 5. 0-0 Bd6 6. Nbd2 0-0 7. Re1 e5 8. e4 fxe4 9. dxe4 d4 10. c3 c5 11. Nc4 Qe7 12. Nh4 Bc7 13. Nf5 Qe6 14. Qb3 Nc6 15. Nh4 Qf7 16. Nd2 Rb8 17. Qxf7+ Rxf7 18. Nb3 b6 19. a4 Be6 20. Nd2 Rbf8 21. Nf5 Na5 22. f3 Nd7 23. g4 d3 24. b4 Nb3 25. Nxb3 Bxb3 26. Ra3 c4 27. Ne3 a5 28. Bd2 axb4 29. cxb4 Ra8 30. g5 b5 31. a5 Bb6 32. Kh1 Bd4 33. Nd1 Nb6 34. Nc3 Na4 35. Nxb5 Bb2 36. Rxb3 cxb3 37. Nd6 Rc7 38. Bh3 Bc3 39. Bxc3 Rxc3 40. Be6+ Kf8 41. Nb5 d2 42. Rd1 Rc1 43. Bxb3 Nb2 0-1

[Event "CZE/SVK-chT (Women)"]
[Site "Ruzomberok"]
[Date "2018.09.13"]
[Round "4"]
[White "Kocourkova, Zuzana"]
[Black "Tomcikova, Zuzana"]
[Result "1/2-1/2"]
[WhiteElo "1777"]
[BlackElo "1833"]
[PlyCount "67"]
[EventDate "2018.09.10"]
[EventType "team-tourn"]
[EventRounds "5"]
[EventCountry "SVK"]
[SourceTitle "CBM 186 Extra"]
[Source "ChessBase"]
[SourceDate "2018.08.24"]
[SourceVersion "1"]
[SourceVersionDate "2018.08.24"]
[SourceQuality "1"]
[WhiteTeam "Svetla nad Sazavou (W)"]
[BlackTeam "Zilina Region CF (W)"]
[WhiteTeamCountry "CZE"]
[BlackTeamCountry "SVK"]

1. e4 c6 2. d4 d5 3. Nc3 dxe4 4. Nxe4 Bf5 5. Ng3 Bg6 6. h4 h6 7. Nf3 e6 8. h5 Bh7 9. Bd3 Bxd3 10. Qxd3 Nf6 11. Bd2 c5 12. 0-0-0 Nc6 13. Bc3 Qd5 14. dxc5 Qxd3 15. Rxd3 Bxc5 16. Bxf6 gxf6 17. Ne4 Be7 18. Rhd1 Rd8 19. Rxd8+ Nxd8 20. Nd6+ Bxd6 21. Rxd6 Ke7 22. Rd1 Rg8 23. g3 Nc6 24. c3 Rg4 25. Rh1 Ra4 26. a3 Ra5 27. Nd2 Rg5 28. Ne4 Rg8 29. b4 f5 30. Nc5 b6 31. Nd3 Rc8 32. Kb2 Rd8 33. Kc2 Rc8 34. Kb2 1/2-1/2

[Event "SVK-chT2C 1718"]
[Site "Slovakia"]
[Date "2017.11.26"]
[Round "4.7"]
[White "Tomcikova, Zuzana"]
[Black "Durica, Adam"]
[Result "0-1"]
[WhiteElo "1723"]
[BlackElo "1842"]
[PlyCount "92"]
[EventDate "2017.10.28"]
[EventType "team-tourn"]
[EventRounds "11"]
[EventCountry "SVK"]
[SourceTitle "CBM 181 Extra"]
[Source "ChessBase"]
[SourceDate "2017.12.12"]
[SourceVersion "1"]
[SourceVersionDate "2017.12.12"]
[SourceQuality "1"]
[WhiteTeam "Rajecke Teplice"]
[BlackTeam "Ondrasova Krivan"]
[WhiteTeamCountry "SVK"]
[BlackTeamCountry "SVK"]

1. e4 d6 2. d4 c6 3. Nc3 Qa5 4. Bd3 e5 5. dxe5 dxe5 6. Bd2 Qb6 7. Na4 Qc7 8. h3 Nf6 9. Nf3 Bd6 10. 0-0 Nbd7 11. Nc3 0-0 12. Bg5 h6 13. Bh4 Ne8 14. Nh2 Nc5 15. Be2 f5 16. exf5 Bxf5 17. Bc4+ Be6 18. Bxe6+ Nxe6 19. Ne4 Nf4 20. Ng4 Be7 21. Bxe7 Qxe7 22. Qe1 h5 23. Ne3 Nd6 24. Nxd6 Qxd6 25. Rd1 Qg6 26. Kh2 Qe6 27. Qc3 b5 28. Qb3 Qxb3 29. axb3 Rad8 30. Rxd8 Rxd8 31. Rd1 Rxd1 32. Nxd1 Ne2 33. Ne3 Kf7 34. g3 Kf6 35. Kg2 Nd4 36. f3 a5 37. Kf2 g6 38. h4 g5 39. Kg2 gxh4 40. gxh4 Nf5 41. Nxf5 Kxf5 42. Kg3 e4 43. fxe4+ Kxe4 44. c3 c5 45. b4 cxb4 46. cxb4 a4 0-1

[Event "Oravska Priehrada op"]
[Site "Namestovo"]
[Date "2017.08.25"]
[Round "1"]
[White "Tomcikova, Zuzana"]
[Black "Balazs, Ladislav"]
[Result "0-1"]
[WhiteElo "1715"]
[BlackElo "2103"]
[PlyCount "72"]
[EventDate "2017.08.25"]
[EventType "swiss"]
[EventRounds "7"]
[EventCountry "SVK"]
[SourceTitle "CBM 180 Extra"]
[Source "ChessBase"]
[SourceDate "2017.10.06"]
[SourceVersion "1"]
[SourceVersionDate "2017.10.06"]
[SourceQuality "1"]

1. e4 c5 2. Nc3 Nc6 3. Bb5 Nd4 4. Bc4 g6 5. Nge2 Bg7 6. Nxd4 cxd4 7. Ne2 e6 8. d3 Ne7 9. 0-0 0-0 10. f4 d5 11. Bb3 dxe4 12. dxe4 b5 13. Qd3 a5 14. a4 bxa4 15. Bxa4 Qb6 16. Qb3 Qa7 17. Kh1 Rb8 18. Qd3 Ba6 19. Qf3 Qc5 20. Rd1 Rfd8 21. Qf2 Qh5 22. Rd2 e5 23. Ng3 Qg4 24. f5 Bh6 25. fxg6 hxg6 26. Bb3 Rxb3 27. cxb3 Kg7 28. h3 Qh4 29. Rd1 Bf4 30. Bxf4 exf4 31. Rxd4 fxg3 32. Qd2 Rc8 33. Qxa5 Bb7 34. Qe5+ Kg8 35. Rd7 Bxe4 36. Qxe7 Qxh3+ 0-1

[Event "Stare Mesto op"]
[Site "Stare Mesto"]
[Date "2017.08.11"]
[Round "1"]
[White "Tomcikova, Zuzana"]
[Black "Buran, Jaroslav"]
[Result "0-1"]
[WhiteElo "1715"]
[BlackElo "2160"]
[PlyCount "88"]
[EventDate "2017.08.11"]
[EventType "swiss"]
[EventRounds "10"]
[EventCountry "CZE"]
[SourceTitle "CBM 180 Extra"]
[Source "ChessBase"]
[SourceDate "2017.10.06"]
[SourceVersion "1"]
[SourceVersionDate "2017.10.06"]
[SourceQuality "1"]

1. e4 c5 2. Nc3 Nc6 3. g3 d6 4. Bg2 h5 5. Nf3 Nf6 6. d3 g6 7. Be3 Bg7 8. Qd2 Rb8 9. a4 a6 10. Nh4 Ng4 11. 0-0 Nd4 12. Rab1 Qa5 13. Bg5 Ne6 14. Nd5 Qxd2 15. Bxd2 b5 16. axb5 axb5 17. c3 Ne5 18. f4 Nxd3 19. f5 Nf8 20. f6 exf6 21. Nxf6+ Bxf6 22. Rxf6 Be6 23. b4 Nd7 24. Rff1 0-0 25. Bh6 Rfe8 26. Rfd1 N7e5 27. Bf1 c4 28. Be3 Bg4 29. Rd2 Ra8 30. Bd4 Nf3+ 31. Nxf3 Bxf3 32. Bxd3 cxd3 33. Rf1 Bxe4 34. Rf6 Re6 35. Rf1 Bf5 36. Kf2 Rae8 37. Kg1 Bh3 38. Rfd1 Bg4 39. Ra1 Bf5 40. Rad1 Kh7 41. Kf2 Bg4 42. Ra1 Re2+ 43. Rxe2 Rxe2+ 44. Kg1 d2 0-1

[Event "Liptovsky Mikulas CupT U20"]
[Site "Liptovsky Mikulas"]
[Date "2017.06.23"]
[Round "5.3"]
[White "Cipl, Jan"]
[Black "Tomcikova, Zuzana"]
[Result "0-1"]
[WhiteElo "1310"]
[BlackElo "1736"]
[PlyCount "88"]
[EventDate "2017.06.21"]
[EventType "team-swiss"]
[EventRounds "8"]
[EventCountry "SVK"]
[SourceTitle "CBM 179 Extra"]
[Source "ChessBase"]
[SourceDate "2017.08.23"]
[SourceVersion "1"]
[SourceVersionDate "2017.08.23"]
[SourceQuality "1"]
[WhiteTeam "Svetla nad Sazavou"]
[BlackTeam "Povazie RSA"]
[WhiteTeamCountry "CZE"]
[BlackTeamCountry "SVK"]

1. e4 c6 2. d4 d5 3. exd5 cxd5 4. Nc3 Nf6 5. Nf3 Bg4 6. Be2 e6 7. 0-0 Be7 8. Ne5 Bxe2 9. Qxe2 0-0 10. Qf3 Nc6 11. Ne2 Qc7 12. Qg3 Ne4 13. Qf4 Bg5 14. Qg4 Bxc1 15. Raxc1 Nxe5 16. dxe5 Qxe5 17. f3 Nf6 18. Qd4 Qxe2 19. c4 e5 20. Qc3 d4 21. Qb3 Qe3+ 22. Qxe3 dxe3 23. Rfe1 Rad8 24. Rxe3 Rfe8 25. Rce1 h6 26. Rxe5 Rxe5 27. Rxe5 Rd1+ 28. Kf2 Rd2+ 29. Re2 Rxe2+ 30. Kxe2 Kf8 31. Kd3 Ke7 32. Kd4 b6 33. Ke5 Nd7+ 34. Kd5 Nc5 35. Kc6 Kd8 36. b4 Nd3 37. a3 Ne5+ 38. Kb5 Kc7 39. c5 bxc5 40. Kxc5 Nd3+ 41. Kb5 Ne1 42. g3 Nxf3 43. Ka6 Kb8 44. a4 Nxh2 0-1

[Event "Liptovsky Mikulas CupT U20"]
[Site "Liptovsky Mikulas"]
[Date "2017.06.23"]
[Round "4.3"]
[White "Tomcikova, Zuzana"]
[Black "Brnusak, Tomas"]
[Result "1-0"]
[WhiteElo "1736"]
[BlackElo "1796"]
[PlyCount "95"]
[EventDate "2017.06.21"]
[EventType "team-swiss"]
[EventRounds "8"]
[EventCountry "SVK"]
[SourceTitle "CBM 179 Extra"]
[Source "ChessBase"]
[SourceDate "2017.08.23"]
[SourceVersion "1"]
[SourceVersionDate "2017.08.23"]
[SourceQuality "1"]
[WhiteTeam "Povazie RSA"]
[BlackTeam "Liptov Chess School"]
[WhiteTeamCountry "SVK"]
[BlackTeamCountry "SVK"]

1. d4 Nf6 2. Nf3 g6 3. Bf4 d6 4. h3 Bg7 5. c3 0-0 6. e3 Nbd7 7. Be2 b6 8. 0-0 Bb7 9. Nbd2 c5 10. Re1 Re8 11. Nc4 Ne4 12. Ng5 Nxg5 13. Bxg5 f6 14. Bh4 d5 15. Na3 e5 16. dxe5 Nxe5 17. Qd2 Qe7 18. c4 Rad8 19. Qc2 d4 20. exd4 Rxd4 21. Bg3 Red8 22. Rad1 Nc6 23. Bg4 Rxd1 24. Rxd1 Nd4 25. Qc1 f5 26. Re1 Qf7 27. Bd1 Re8 28. Qd2 Qd7 29. Rxe8+ Qxe8 30. b3 Qd7 31. Qe1 g5 32. f4 gxf4 33. Bxf4 Be4 34. Be3 Qe7 35. Qg3 Kh8 36. Qb8+ Bf8 37. Bxd4+ cxd4 38. Nb5 a6 39. Nxd4 Qc5 40. Kf1 Kg8 41. Ne6 Bd3+ 42. Be2 Bxe2+ 43. Kxe2 Qe7 44. Qxf8+ Qxf8 45. Nxf8 Kxf8 46. Kf3 Kf7 47. Kf4 Kf6 48. b4 1-0

[Event "SVK-chT2C 1617"]
[Site "Slovakia"]
[Date "2017.03.12"]
[Round "11.8"]
[White "Patarak, Jan"]
[Black "Tomcikova, Zuzana"]
[Result "1/2-1/2"]
[WhiteElo "1784"]
[BlackElo "1668"]
[PlyCount "68"]
[EventDate "2016.10.08"]
[EventType "team-tourn"]
[EventRounds "11"]
[EventCountry "SVK"]
[SourceTitle "EXT 2018"]
[Source "ChessBase"]
[SourceDate "2017.10.13"]
[SourceVersion "1"]
[SourceVersionDate "2017.10.13"]
[SourceQuality "1"]
[WhiteTeam "Martin Medea"]
[BlackTeam "Rajecke Teplice"]
[WhiteTeamCountry "SVK"]
[BlackTeamCountry "SVK"]

1. e4 c6 2. d4 d5 3. e5 Bf5 4. Bd3 Bxd3 5. Qxd3 Qa5+ 6. Bd2 Qa6 7. Qxa6 Nxa6 8. c3 e6 9. f4 c5 10. Be3 Nh6 11. Ne2 Nf5 12. Bf2 Be7 13. g3 Rc8 14. Nd2 0-0 15. Nf3 cxd4 16. Nexd4 Nxd4 17. Nxd4 Nc5 18. Ke2 a6 19. Rhd1 Ne4 20. Be3 Rc4 21. Nb3 Rc7 22. Nd2 Nxd2 23. Rxd2 Rfc8 24. Rad1 b5 25. a3 h6 26. Bb6 Rc6 27. Bd4 Bc5 28. Bxc5 Rxc5 29. Rd4 Rc4 30. Rxc4 bxc4 31. Ke3 a5 32. Kd4 a4 33. Rd2 Kf8 34. g4 Ke7 1/2-1/2

[Event "Wch U16 Girls"]
[Site "Khanty-Mansiysk"]
[Date "2016.10.03"]
[Round "11"]
[White "Kopcova, Ludmila"]
[Black "Tomcikova, Zuzana"]
[Result "1-0"]
[WhiteElo "1798"]
[BlackElo "1621"]
[PlyCount "63"]
[EventDate "2016.09.22"]
[EventType "swiss"]
[EventRounds "11"]
[EventCountry "RUS"]
[SourceTitle "EXT 2017"]
[Source "ChessBase"]
[SourceDate "2016.10.25"]
[SourceVersion "1"]
[SourceVersionDate "2016.10.25"]
[SourceQuality "1"]

1. e4 c6 2. d4 d5 3. Nc3 dxe4 4. Nxe4 Bf5 5. Ng3 Bg6 6. h4 h6 7. Nh3 Nd7 8. Nf4 Bh7 9. Bc4 e6 10. Bxe6 Qe7 11. 0-0 0-0-0 12. Bxd7+ Qxd7 13. h5 Nf6 14. c3 Bd6 15. b4 g5 16. hxg6 Bxg6 17. Nxg6 fxg6 18. Qd3 Qg4 19. Re1 h5 20. Bd2 h4 21. Ne4 h3 22. Nxd6+ Rxd6 23. Qg3 hxg2 24. Qxg4+ Nxg4 25. Bf4 Rf6 26. Bg3 Rf3 27. Kxg2 Rxc3 28. Re7 Rh5 29. Rae1 Nf6 30. Rf7 Rf5 31. Ree7 Kd8 32. Bc7+ 1-0